EFFECTIVE TEACHING IN SCHOOLS (Record no. 5445)
[ view plain ]
| 000 -LEADER | |
|---|---|
| fixed length control field | 00396nam a22001457a 4500 |
| 020 ## - INTERNATIONAL STANDARD BOOK NUMBER | |
| ISBN | 0-7487-2888-0 |
| 082 ## - DEWEY DECIMAL CLASSIFICATION NUMBER | |
| Classification number | 371.3078 |
| Item number | KYR/E |
| 100 ## - MAIN ENTRY--AUTHOR NAME | |
| Personal name | KYRIACOU, CHRIS |
| 245 ## - TITLE STATEMENT | |
| Title | EFFECTIVE TEACHING IN SCHOOLS |
| Remainder of title | THEORY AND PRACTICE |
| 250 ## - EDITION STATEMENT | |
| Edition statement | SECOND EDITION |
| 260 ## - PUBLICATION, DISTRIBUTION, ETC. (IMPRINT) | |
| Place of publication | UNITED KINGDOM |
| Name of publisher | STANLEY THORNES |
| Year of publication | 2001 |
| 300 ## - PHYSICAL DESCRIPTION | |
| Number of Pages | 176 |
| 650 ## - SUBJECT ADDED ENTRY--TOPICAL TERM | |
| Topical Term | ESSENTIAL TEACHING SKILLS |
| Geographic subdivision | UNITED KINGDOM |
| 942 ## - ADDED ENTRY ELEMENTS (KOHA) | |
| Koha item type | Books |
| Withdrawn status | Lost status | Collection code | Home library | Current library | Shelving location | Date acquired | Source of acquisition | Full call number | Accession Number | Koha item type |
|---|---|---|---|---|---|---|---|---|---|---|
| Reference | Main Library | Main Library | 10/10/2006 | purchase | 371.3078 KYR/E | 02090 | Books |